| 000 | 00544nam a2200205Ia 4500 | ||
|---|---|---|---|
| 003 | GCL | ||
| 008 | 140319s9999 xx 000 0 eng d | ||
| 040 |
_aGCL / _cGCL |
||
| 082 | 0 | 4 |
_a634 _bS H |
| 100 | 1 | _aANDERSEN, PETER | |
| 245 | 1 | 0 |
_aHANDBOOK OF ENVIRONMENTAL PHYSIOLOGY OF FRUIT CROPS VOL.1: TEMPERATE CROPS / _cANDERSEN, PETER |
| 700 | 1 | _aSCHAFFER, BRUCE | |
| 260 |
_a[S.N] : _bCRC PRESS ، _c1994 |
||
| 300 | _a358 P | ||
| 650 | 0 | 4 | _aTEMPERATURE |
| 650 | 0 | 4 | _aFRUIT |
| 650 | 0 | 4 | _aCROPS |
| 650 | 0 | 4 | _aAGRICULTURE |
| 942 |
_2ddc _cBK |
||
| 999 |
_c10811 _d10811 |
||